Changes to Part L of the Building Regulations (Record no. 67703)

MARC details
000 -LEADER
fixed length control field 01006cam a2200253 4500
001 - CONTROL NUMBER
control field X113623
008 - FIXED-LENGTH DATA ELEMENTS--GENERAL INFORMATION
fixed length control field 010712n2001 000 0 eng u
035 ## - SYSTEM CONTROL NUMBER
System control number (Sirsi) u113623
100 ## - MAIN ENTRY--PERSONAL NAME
Personal name Wood, C.
245 ## - TITLE STATEMENT
Title Changes to Part L of the Building Regulations
260 ## - PUBLICATION, DISTRIBUTION, ETC.
Date of publication, distribution, etc. 2001
490 ## - SERIES STATEMENT
Series statement Context
Volume/sequential designation (70) June 2001, 19-21(3)
520 ## - SUMMARY, ETC.
Summary, etc. Discusses the draft amendments to Approved Document L of the Building Regulations issued by the DETR on 9 April 2001. Notes the inclusion of statements to the effect that unacceptable changes should not be made to historic buildings in order to ensure compliance with Part L. Includes relevant selections from the draft.
650 ## - SUBJECT ADDED ENTRY--TOPICAL TERM
Topical term or geographic name entry element APPROVED DOCUMENT L
650 ## - SUBJECT ADDED ENTRY--TOPICAL TERM
Topical term or geographic name entry element BUILDING CONTROL
9 (RLIN) 6222
650 ## - SUBJECT ADDED ENTRY--TOPICAL TERM
Topical term or geographic name entry element BUILDING REGULATIONS
9 (RLIN) 6224
650 ## - SUBJECT ADDED ENTRY--TOPICAL TERM
Topical term or geographic name entry element BUILDING REGULATIONS PART L
650 ## - SUBJECT ADDED ENTRY--TOPICAL TERM
Topical term or geographic name entry element ENERGY EFFICIENCY
650 ## - SUBJECT ADDED ENTRY--TOPICAL TERM
Topical term or geographic name entry element HISTORIC BUILDINGS
650 ## - SUBJECT ADDED ENTRY--TOPICAL TERM
Topical term or geographic name entry element WINDOWS
650 ## - SUBJECT ADDED ENTRY--TOPICAL TERM
Topical term or geographic name entry element U-VALUES
690 ## - LOCAL SUBJECT ADDED ENTRY--TOPICAL TERM (OCLC, RLIN)
Topical term or geographic name as entry element BUILT ENVIRONMENT-BUILDING STANDARDS
942 ## - ADDED ENTRY ELEMENTS (KOHA)
Suppress in OPAC 0
Holdings
Withdrawn status Lost status Source of classification or shelving scheme Damaged status Not for loan Home library Current library Shelving location Date acquired Total Checkouts Full call number Barcode Date last seen Copy number Price effective from Koha item type
    Dewey Decimal Classification     London London Journal article 12/07/2001   X113623 113623-1001 06/08/2019 1 06/08/2019 Journal article